[Event "Vasteras Open 2018"]
[Site "Vasteras"]
[Date "2018.09.29"]
[Round "6"]
[White "Pettersson, Tobias"]
[Black "Bellon Lopez, Juan Manuel"]
[Result "0-1"]
[WhiteElo "2148"]
[BlackElo "2342"]
[Annotator "TA"]
[PlyCount "88"]
[EventDate "2018.09.28"]
[EventCountry "SWE"]
[SourceTitle "playchess.com"]
[Source "ChessBase"]
[SourceQuality "1"]

{[%evp 12,88,22,-4,35,7,14,8,10,4,17,12,25,0,0,-18,-19,-29,-18,-18,-17,-17,-17,-41,-25,-30,-28,-41,-31,-29,-14,-45,-50,-43,-52,-58,0,-65,-37,-75,-66,-125,-72,-133,-64,-93,-96,-132,-82,-110,-127,-220,-206,-317,-322,-293,0,0,0,-467,-226,-228,-225,-591,-581,-585,-589,-671,-671,-646,-668,-737,-749,-735,-722,-29987,-29988,-29998,-29999]} 1. Nf3 c5 2. g3 Nc6 3. Bg2 g6 4. c4 Bg7 5. O-O Nh6 6. Nc3 Nf5 7. e3 {LiveBook: 15 Games. A37: Symmetrical English vs ...g6: 4 Bg2 Bg7 5 Nf3} (7. b3 O-O 8. Bb2 b6 9. e3 Bb7 10. Na4 Bxb2 11. Nxb2 d5 12. d4 cxd4 13. Nxd4 Ncxd4 14. exd4 Qd7 15. c5 bxc5 16. dxc5 e5 17. Rc1 Nd4 {½-½ (40) Yu,Y (2760)-Iturrizaga Bonelli,E (2650) chess.com INT 2018}) 7... Rb8 8. a3 O-O 9. Rb1 {The position is equal.} d6 $146 ({Predecessor:} 9... b6 10. b4 d6 11. b5 Ne5 12. Qe2 Bb7 13. Bb2 e6 14. a4 Nxf3+ 15. Bxf3 {0-1 (46) Cleto,S (1881)-Lipnowski,S (2076) Winnipeg 2003}) 10. Qc2 a5 11. b3 e5 12. Nd5 b5 13. cxb5 Rxb5 14. d3 Nce7 15. Nd2 {[%cal Bf3d2,Bd2e4,Be4g5][%mdl 32]} Be6 16. Nc3 Rb8 17. Nde4 Qc7 18. Ng5 Bd7 19. Bd2 h6 20. Nf3 $1 Rfc8 21. Ne2 Nc6 22. Rfc1 Qa7 23. Nc3 Nfe7 ({Black should play} 23... Be6 $15) 24. Qd1 (24. Ne4 $11 Qc7 25. b4) 24... Be6 25. Ne1 Qa6 26. h3 ({Better is} 26. Rb2 $15) 26... f5 (26... Qb7 $142 {[%cal Re6b3]} 27. Ne4 Qd7) 27. f4 (27. a4 $142) 27... Rc7 (27... exf4 $17 28. gxf4 Qb7) 28. fxe5 Bxe5 29. e4 fxe4 30. dxe4 Nd4 {[%cal Rb8b3]} 31. Bf1 (31. Bxh6 $17 Rxb3 32. Rxb3 Bxb3 33. Qd2) 31... Qc8 $19 {[%cal Rb8b3]} 32. Kh2 (32. Bf4 {was worth a try.}) 32... Qf8 {aiming for ...Qf2+.} ({Not} 32... Rxb3 33. Nd3 $19) 33. Nd3 Nxb3 $2 ({Black should try} 33... Bxb3 $19 34. Rxb3 Nxb3 35. Nxe5 Qf2+ 36. Bg2 Qxd2 37. Qxd2 Nxd2) 34. Nxe5 $11 dxe5 {[#]} 35. Nd5 $2 {[%mdl 8192]} (35. Bxh6 $1 $11 {[%mdl 512] and White is okay.} Qxh6 36. Qd6 Bxh3 37. Bxh3) 35... Qf2+ (35... Nxd5 $142 36. Bc4 Qf2+ 37. Kh1 Bxh3) 36. Bg2 $19 Nxd5 $40 {[%mdl 128] Black goes for the king.} 37. Be1 $2 {[#]} (37. Rc2 Nb6 38. Bf4) 37... Qxg2+ $1 {[%mdl 512]} 38. Kxg2 Ne3+ 39. Kh2 Nxd1 40. Rxd1 Rcb7 41. Rd6 Nd4 42. Rxb7 Rxb7 43. Bxa5 Rb2+ 44. Kg1 Nf3+ {Precision: White = 26%, Black = 39%.} 0-1

[Event "Vasteras Open 2018"]
[Site "Vasteras"]
[Date "2018.09.30"]
[Round "7"]
[White "Solodovnichenko, Yuri"]
[Black "Seo, Jung Min"]
[Result "1-0"]
[WhiteElo "2554"]
[BlackElo "2360"]
[Annotator "TA"]
[PlyCount "59"]
[EventDate "2018.09.28"]
[EventCountry "SWE"]
[SourceTitle "playchess.com"]
[Source "ChessBase"]
[SourceQuality "1"]

{[%evp 17,59,28,34,32,32,22,27,31,27,36,52,34,62,57,99,53,48,49,58,46,68,73,98,83,96,79,98,70,131,131,123,122,117,56,335,336,314,278,1101,1083,29988,29989,29989,29990]} 1. e4 c5 2. Nc3 d6 3. Nge2 Nc6 4. d4 cxd4 5. Nxd4 Nf6 6. Bg5 e6 7. Qd2 Be7 8. O-O-O a6 9. h4 {B66: Sicilian: Richter-Rauzer: 7...a6 8 0-0-0 h6} (9. Bxf6 gxf6 10. f4 Nxd4 11. Qxd4 b5 12. e5 d5 13. Be2 Bb7 14. f5 fxe5 15. Qxe5 Bf6 16. Qg3 Qb8 17. Qh3 d4 18. fxe6 dxc3 19. Rhf1 Qe5 20. Rde1 Qg5+ {½-½ (128) Grischuk,A (2737)-Ivanchuk,V (2747) Doha 2016}) 9... Qc7 {LiveBook: 3 Games} 10. Kb1 Bd7 $146 ({Predecessor:} 10... Nxd4 11. Qxd4 b5 12. f3 Bb7 13. g4 Rc8 14. Bd3 Qc5 15. Ne2 Qxd4 16. Nxd4 Nd7 {0-1 (39) Zhigalko,A (2556)-Dreev,A (2633) Moscow 2008}) 11. Nxc6 {White is slightly better.} Bxc6 12. f3 Rd8 13. Ne2 {[%cal Bc3e2,Be2d4,Bd4b3][%mdl 32]} b5 14. Nd4 Bd7 15. g4 {[%cal Bg2g4,Bg4g5][%mdl 32]} Qb7 16. Be3 e5 $1 {[%cal Re5d4]} 17. Nb3 Be6 18. Bh3 Nd7 19. g5 Nb6 20. Bxb6 Qxb6 21. f4 Bxb3 22. cxb3 exf4 ({Black should try} 22... O-O $14) 23. Qxf4 $16 O-O 24. h5 d5 25. h6 $40 {[%mdl 128] White mounts an attack.} ({Better is} 25. exd5 $16 Qd6 26. Qe3) 25... Qb8 $2 {[%mdl 8192] [#]} (25... gxh6 $14 26. gxh6 Kh8) 26. e5 $1 $18 {[%cal Be4e5,Be5e6][%mdl 32] Strongly threatening g6!} g6 {[#]} 27. Qd4 $1 Qc7 $2 (27... Rde8 28. Bd7 (28. Qxd5 Qa8 $16) 28... Rd8) 28. Rc1 Qb7 29. e6 {[%csl Gh6][%cal Rd4g7]} f6 30. Rhf1 {Precision: White = 82%, Black = 35%.} 1-0

[Event "Vasteras Open 2018"]
[Site "Vasteras"]
[Date "2018.09.30"]
[Round "7"]
[White "Hector, Jonny"]
[Black "Johansson, Linus"]
[Result "1-0"]
[WhiteElo "2507"]
[BlackElo "2461"]
[Annotator "TA"]
[PlyCount "73"]
[EventDate "2018.09.28"]
[EventCountry "SWE"]
[SourceTitle "playchess.com"]
[Source "ChessBase"]
[SourceQuality "1"]

{[%evp 15,73,35,29,36,41,37,134,134,141,134,138,133,129,136,142,118,120,84,142,93,105,105,110,89,85,94,111,95,106,101,108,110,146,108,119,114,136,89,88,0,0,-20,0,-20,0,-160,-160,-156,-147,-192,-186,-186,-155,-280,-286,-308,-240,-253,600,599]} 1. e4 Nc6 2. Nc3 {[%cal Bb1c3,Bc3e2,Be2g3,Bg3h5,Bh5f4][%mdl 32]} e6 3. Nf3 d5 4. d4 Nf6 5. e5 Ne4 6. Ne2 f6 7. Ng3 {C10: French with 3 Nc3: Unusual Black 3rd moves and 3...dxe4} (7. exf6 Nxf6 8. Ng3 Bd6 9. Bb5 O-O 10. Bxc6 bxc6 11. O-O c5 12. c3 cxd4 13. cxd4 c5 14. dxc5 Bxc5 15. Be3 Bxe3 16. fxe3 {1-0 (38) Pichot,A (2544)-Agdestein,S (2602) Doha 2016}) 7... Be7 8. Bd3 f5 {LiveBook: 4 Games} 9. Nh5 $146 {White has an edge.} ({Predecessor:} 9. h4 Nxg3 10. fxg3 Nb4 11. Ng5 Nxd3+ 12. cxd3 c5 13. dxc5 Bxc5 14. Qh5+ g6 {1-0 (28) Eggleston,D (2398)-Stark,L (2453) Trieste 2014}) 9... g6 10. Nf4 Ng5 (10... Na5 $14) 11. Nxg5 $1 $16 Bxg5 12. c3 {[%cal Bc2c3,Bc3c4][%mdl 32]} Qe7 {[#]} 13. h4 $1 {[%mdl 512]} Bxf4 (13... Bxh4 14. g3) 14. Bxf4 h6 15. Qd2 Qh7 16. c4 Ne7 (16... Nxd4 $142 17. Rd1 c5) 17. Rc1 Bd7 18. Qa5 b6 19. Qd2 dxc4 20. Bxc4 c6 21. Rh3 Qg7 22. a4 {[%cal Ba2a4,Ba4a5][%mdl 32]} Kf7 23. a5 b5 24. Be2 Rad8 25. Rc5 Be8 26. Rhc3 Nd5 27. Rc1 ({Better is} 27. Rg3 $1 $16) 27... g5 $1 $36 {[%mdl 2048] Black fights for an advantage.} 28. Bh5+ Kf8 29. Bxe8 Rxe8 30. Bh2 $2 (30. hxg5 $11 hxg5 31. Bxg5) 30... gxh4 $17 31. f3 Rg8 32. R1c2 {[%cal Bc1c2,Bc2e2,Be2g2][%mdl 32] [#]} Qg5 $1 33. Rxc6 {[#]} Ne3 $1 34. Qb4+ (34. Rc1 $17) 34... Kg7 $19 35. Re2 Kh8 36. Qd2 Nxg2+ $4 {[%mdl 8192] [#]} (36... f4 $19 37. Rf2 Nxg2+ 38. Ke2 h3) 37. Rxg2 $1 {[%mdl 512] Precision: White = 45%, Black = 61%.} 1-0

[Event "Vasteras Open 2018"]
[Site "Vasteras"]
[Date "2018.09.30"]
[Round "7"]
[White "Miezis, Normunds"]
[Black "Kucuksari, Kaan"]
[Result "1-0"]
[WhiteElo "2470"]
[BlackElo "2327"]
[Annotator "TA"]
[PlyCount "79"]
[EventDate "2018.09.28"]
[EventCountry "SWE"]
[SourceTitle "playchess.com"]
[Source "ChessBase"]
[SourceQuality "1"]

{[%evp 14,79,0,3,22,18,20,10,29,0,0,-16,-10,-12,-8,-100,-10,-17,19,-44,-37,-30,0,0,0,0,44,51,64,63,209,189,212,211,200,204,498,480,775,768,733,728,687,623,910,834,995,975,954,970,1092,1059,1365,1360,1144,1129,29990,29991,29992,29991,29991,29992,29992,29993,29993,29992,29995,29996]} 1. b3 Nf6 2. Bb2 e6 3. Nf3 b6 4. e3 Bb7 5. Be2 Be7 6. c4 c5 7. O-O O-O 8. d4 {LiveBook: 155 Games} Ne4 {A30: Symmetrical English: Double Fianchetto and Hedgehog} (8... cxd4 9. Nxd4 a6 10. Nc3 d6 11. Bf3 Qc7 12. Rc1 Nbd7 13. Qe2 Rac8 14. Rfd1 Rfd8 15. h3 Bf8 16. g4 Ne5 17. Bxb7 Qxb7 18. f4 Nc6 19. g5 Ne8 20. Qg2 Rd7 21. Nxc6 Qxc6 {½-½ (63) Salgado Lopez,I (2644)-Leko,P (2691) Riadh 2017}) 9. Nc3 Nxc3 $146 ({Predecessor:} 9... cxd4 10. Nxd4 Nxc3 11. Bxc3 Bf6 12. Qc2 d5 13. Rfd1 Nd7 14. Rac1 Rc8 15. Nb5 Bxc3 16. Qxc3 {1-0 (38) Scholz,H (1873)-Eberhardt,M (1763) Buesum 2017}) 10. Bxc3 cxd4 {The position is equal.} 11. exd4 d5 12. Ne5 Nd7 13. f4 Rc8 14. Rc1 (14. Bb2 $11) 14... Rc7 ({Better is} 14... Nxe5 $17 15. fxe5 dxc4 16. bxc4 Bg5) 15. Bb2 $11 {[%cal Bc3b2,Bb2a3,Ba3d6][%mdl 32]} Qa8 16. Qd2 (16. Nxd7 $11 Rxd7 17. c5) 16... Nxe5 $15 17. fxe5 Qd8 18. Qd3 Bg5 19. Rc2 f6 20. Ba3 Re8 21. Bd6 Rc8 (21... dxc4 $14 22. bxc4 Rd7) 22. Bh5 $36 {[%mdl 2048] Black is under strong pressure.} f5 23. Bxe8 Qxe8 24. c5 b5 $2 (24... bxc5 25. Rxc5 (25. Bxc5 a6 $18) 25... Rc6) 25. g4 g6 (25... f4 $142 26. Rcf2 Bh6) 26. gxf5 exf5 27. Rg2 Bh6 28. Rxf5 Bc6 29. h4 {[%cal Bh2h4,Bh4h5,Bh5g6][%mdl 32]} Bd7 30. Rf1 b4 31. Qf3 Qe6 32. h5 Qh3 33. Rg3 Qh4 34. hxg6 {[#] Threatening mate with Qf7+.} Qxd4+ 35. Rf2 {White mates.} Be6 36. Qh5 Qa1+ 37. Kg2 d4 38. Qxh6 {[%csl Gg6][%cal Rh6h7]} Bd5+ {[#]} 39. Rgf3 $1 Bxf3+ 40. Rxf3 {Precision: White = 72%, Black = 30%.} 1-0

[Event "Vasteras Open 2018"]
[Site "Vasteras"]
[Date "2018.09.30"]
[Round "7"]
[White "Cramling, Pia"]
[Black "Henriksson, Johan"]
[Result "1-0"]
[WhiteElo "2465"]
[BlackElo "2259"]
[Annotator "TA"]
[PlyCount "71"]
[EventDate "2018.09.28"]
[EventCountry "SWE"]
[SourceTitle "playchess.com"]
[Source "ChessBase"]
[SourceQuality "1"]

{[%evp 20,71,26,23,61,58,55,52,75,62,68,50,70,47,94,63,81,61,86,48,73,52,48,54,108,112,118,105,106,97,199,193,178,186,182,194,176,181,180,169,282,269,296,238,314,315,335,338,531,531,527,500,1253,1248]} 1. c4 c6 2. d4 d5 3. cxd5 cxd5 4. Bf4 e6 5. e3 Bd6 6. Bxd6 Qxd6 7. Nc3 Bd7 8. Bd3 Nf6 9. f4 Nc6 10. Nf3 {D10: Slav Defence: 3 cxd5 (without early Nf3) and 3 Nc3} Nb4 (10... Rc8 11. O-O Na5 12. Ne5 Nc4 13. Qe2 Nb6 14. g4 Ng8 15. f5 exf5 16. Nxd7 Nxd7 17. Bxf5 Ne7 {1-0 (72) Sargissian,G (2671)-Ponkratov,P (2605) Khanty-Mansiysk 2013}) 11. Bb1 {LiveBook: 3 Games} Qa6 12. Ne5 {White is slightly better.} Rc8 $146 ({Predecessor:} 12... O-O 13. a3 Nc6 14. Bd3 Qb6 15. Qc2 Qd8 16. O-O Qe7 17. Rf3 Rfc8 {½-½ (113) Henriquez Villagra,C (2457)-Torre,E (2438) Tromsoe 2014}) 13. a3 Nc6 14. Bd3 Qb6 15. Qe2 Ne7 16. O-O g6 17. Qf2 Nf5 18. Rac1 Qd8 19. Rc2 Nd6 20. Rfc1 O-O 21. g4 Rxc3 (21... a6 $14) 22. bxc3 $16 {[%cal Bb2c3,Bc3c4,Bc4d5][%mdl 32]} Nfe4 23. Bxe4 Nxe4 24. Qe1 f6 (24... Ba4 $16) 25. Nxd7 $18 Qxd7 26. c4 e5 27. Qe2 exf4 28. exf4 Re8 29. cxd5 {Rc7 is the strong threat.} Nd6 (29... Nc3 $142 30. Qf3 Nxd5) 30. Qf3 Qa4 31. Rd2 Re4 {[#]} 32. Rc8+ $1 {[%mdl 512]} Kg7 {intending ...Re1+.} (32... Nxc8 33. Qxe4) 33. Rc7+ Kg8 (33... Kf8 {is a better defense.} 34. Rxh7 Qc4) 34. Qh3 {White is clearly winning.} h5 35. gxh5 {[%cal Bg4h5,Bh5g6][%mdl 32]} Qe8 (35... Qa5 $142 36. Rcc2 Qxd5 37. hxg6 Re1+ 38. Kf2 Re7) 36. hxg6 {Precision: White = 67%, Black = 39%.} 1-0

[Event "Vasteras Open 2018"]
[Site "Vasteras"]
[Date "2018.09.30"]
[Round "7"]
[White "Cramling, Pia"]
[Black "Henriksson, Johan"]
[Result "*"]
[WhiteElo "2465"]
[BlackElo "2259"]
[Annotator "TA"]
[PlyCount "34"]
[EventDate "2018.09.28"]
[EventCountry "SWE"]
[SourceTitle "playchess.com"]
[Source "ChessBase"]
[SourceQuality "1"]

{[%evp 20,22,36,22,60]} 1. c4 c6 2. d4 d5 3. cxd5 cxd5 4. Bf4 e6 5. e3 Bd6 6. Bxd6 Qxd6 7. Nc3 Bd7 8. Bd3 Nf6 9. f4 Nc6 10. Nf3 {D10: Slav Defence: 3 cxd5 (without early Nf3) and 3 Nc3} Nb4 (10... Rc8 11. O-O Na5 12. Ne5 Nc4 13. Qe2 Nb6 14. g4 Ng8 15. f5 exf5 16. Nxd7 Nxd7 17. Bxf5 Ne7 {1-0 (72) Sargissian,G (2671)-Ponkratov,P (2605) Khanty-Mansiysk 2013}) 11. Bb1 {LiveBook: 3 Games} Qa6 {Predecessor:} 12. Ne5 $146 O-O 13. a3 Nc6 14. Bd3 Qb6 15. Qc2 Qd8 16. O-O Qe7 17. Rf3 Rfc8 {½-½ (113) Henriquez Villagra,C (2457)-Torre,E (2438) Tromsoe 2014} *

[Event "Vasteras Open 2018"]
[Site "Vasteras"]
[Date "2018.09.30"]
[Round "7"]
[White "Krupenski, Juri"]
[Black "Tiger-Norqvist, Axel"]
[Result "1/2-1/2"]
[WhiteElo "2402"]
[BlackElo "2175"]
[Annotator "TA"]
[PlyCount "73"]
[EventDate "2018.09.28"]
[EventCountry "SWE"]
[SourceTitle "playchess.com"]
[Source "ChessBase"]
[SourceQuality "1"]

{[%evp 11,73,16,30,39,41,20,55,0,0,-16,0,0,0,-31,-31,-31,-20,-28,-22,-25,-7,-5,-5,-12,-4,-14,0,-8,0,0,0,0,0,0,9,6,13,7,10,9,10,10,11,6,6,7,7,7,20,8,19,0,0,0,0,0,0,0,0,-3,-3,-3,-3,-3]} 1. e4 {[%cal Be2e4,Be4e5][%mdl 32]} Nf6 2. e5 Nd5 3. d4 d6 4. c4 Nb6 5. exd6 cxd6 6. d5 N8d7 {LiveBook: 5 Games. B03: Alekhine's Defence: Four Pawns Attack} (6... e5 7. Nc3 Be7 8. f4 O-O 9. Nf3 Bg4 10. fxe5 N8d7 11. b3 Bh4+ 12. Kd2 dxe5 13. Be2 Bxf3 14. gxf3 Bg5+ 15. Kc2 Bxc1 16. Qxc1 {0-1 (37) Shirov,A (2695)-Dubov,D (2629) Moscow 2013}) 7. b3 Nf6 8. Bb2 e5 9. dxe6 (9. Bd3 $14) 9... Bxe6 $11 10. Nc3 $146 ({Predecessor:} 10. Qf3 Qe7 11. Ne2 d5 12. Ba3 Qc7 13. Bxf8 Rxf8 14. cxd5 Nbxd5 15. Nd2 Rc8 16. Rc1 Qxc1+ 17. Nxc1 Rxc1+ 18. Qd1 Rxd1+ {0-1 (18) Martinez Cepedano,R (1636)-Boni De Aristizabal,M (1828) Tres Cantos 2011}) 10... Be7 11. Nf3 O-O 12. Bd3 d5 13. cxd5 Nbxd5 {[#] Threatens to win with ...Bb4.} 14. Nxd5 Qxd5 15. O-O Rfd8 16. Nd4 {The position is equal.} Bg4 17. Be2 Bxe2 18. Qxe2 Bc5 19. Rad1 Qe4 20. Qxe4 Nxe4 21. Rfe1 Re8 22. f3 Nd6 23. Kf1 Bb6 24. Rxe8+ Rxe8 25. Ba3 Bxd4 26. Bxd6 {[%mdl 4096] Endgame KRB-KRB} Bb6 27. Bb4 Rd8 28. Rxd8+ Bxd8 {KB-KB} 29. Ke2 f5 30. Bc5 a6 31. Bd4 Bc7 32. h3 Kf7 33. Kd3 b5 34. a4 g6 35. axb5 axb5 36. Kc3 {[#] Hoping for Kb4.} Ba5+ 37. Kd3 {Precision: White = 50%, Black = 52%.} 1/2-1/2

[Event "Vasteras Open 2018"]
[Site "Vasteras"]
[Date "2018.09.30"]
[Round "7"]
[White "Akesson, Ralf"]
[Black "Jonsson, Krister"]
[Result "1-0"]
[WhiteElo "2372"]
[BlackElo "2012"]
[Annotator "TA"]
[PlyCount "37"]
[EventDate "2018.09.28"]
[EventCountry "SWE"]
[SourceTitle "playchess.com"]
[Source "ChessBase"]
[SourceQuality "1"]

{[%evp 20,37,37,35,53,31,40,35,87,89,139,137,276,277,273,276,270,264,293,260]} 1. Nf3 d5 2. g3 g6 3. c4 c6 4. Qb3 Bg7 5. d4 Nf6 6. Nc3 O-O 7. Bg2 dxc4 8. Qxc4 Qb6 9. O-O Na6 {D78: Fianchetto Grünfeld: 6 0-0 c6} 10. Rd1 Be6 11. Qa4 {LiveBook: 8 Games} h6 {White is slightly better.} (11... Rfd8 12. h3 c5 13. dxc5 Nxc5 14. Rxd8+ Rxd8 15. Qa3 Nfe4 16. Be3 Nxc3 17. bxc3 Rc8 18. Ng5 Qc7 19. Qxa7 {1-0 (27) Wojtaszek,R (2705)-Melkumyan,H (2615) Warsaw 2011}) 12. h3 Rfd8 13. e4 {[%cal Be2e4,Be4e5][%mdl 32]} Nc7 $146 (13... Ne8 $14) ({Predecessor:} 13... Ne8 14. Rb1 Qb4 15. Qc2 Nd6 16. b3 Nb5 17. Nxb5 Qxb5 18. a3 {½-½ (38) Hejazipour,M (2268)-Nguyen,T (2300) Guangzhou 2010}) 14. Qc2 $16 Nb5 {[%cal Rb5d4]} 15. Na4 Qa5 (15... Qc7 $16) 16. Nc5 $18 {White has a decisive advantage.} Bc8 17. a4 Nd6 18. e5 Bf5 19. Qb3 1-0

[Event "Vasteras Open 2018"]
[Site "Vasteras"]
[Date "2018.09.30"]
[Round "7"]
[White "Livner, Anders"]
[Black "Larsson, Anders"]
[Result "1/2-1/2"]
[WhiteElo "2372"]
[BlackElo "2238"]
[Annotator "TA"]
[PlyCount "95"]
[EventDate "2018.09.28"]
[EventCountry "SWE"]
[SourceTitle "playchess.com"]
[Source "ChessBase"]
[SourceQuality "1"]

{[%evp 18,95,27,21,77,94,101,54,92,40,137,116,135,118,121,130,131,120,136,132,149,64,81,84,78,87,83,70,61,65,101,39,24,29,129,0,0,-49,20,18,18,22,18,0,0,6,16,-6,151,156,161,154,162,162,158,151,143,145,170,87,96,20,19,0,0,0,0,0,0,0,0,0,0,0,0,0,0,0,0,0]} 1. Nf3 d5 2. c4 e6 3. g3 Nf6 4. Bg2 Be7 5. O-O O-O 6. d4 Nbd7 7. Qc2 c6 8. Nbd2 b6 9. e4 Bb7 10. e5 {LiveBook: 361 Games. E09: Closed Catalan: Main Line: 7 Qc2 c6 8 Nbd2} Ng4 (10... Ne8 $1 $11 {remains equal.}) (10... Ne8 11. cxd5 cxd5 12. Re1 Rc8 13. Qd1 Qc7 14. Nb1 b5 15. Bf1 b4 16. Bd3 h6 17. Bf4 Qb6 18. Nbd2 Ba6 19. Bc2 f5 20. exf6 Rxf6 {1-0 (32) Gelfand,B (2729)-Stupak,K (2573) Tbilisi 2017}) 11. cxd5 $16 cxd5 12. Re1 {White is better.} Nb8 $146 ({Predecessor:} 12... Re8 13. Bf1 f5 14. exf6 Bxf6 15. Bd3 Nf8 16. h3 Nh6 17. Ne5 Bxe5 18. dxe5 {0-1 (69) Rapport,J (2217)-Babic,M (2141) Zlatibor 2007}) 13. a3 ({White should play} 13. Nb1 $16) 13... a5 (13... Nh6 $14) 14. Nf1 Nc6 15. h3 Nh6 16. Bxh6 gxh6 17. Qd2 Kg7 18. Ne3 h5 19. g4 (19. h4 $16) 19... hxg4 20. Nxg4 {Qh6+ is the strong threat.} ({But not} 20. hxg4 $6 Kg8 $11) 20... Kh8 21. Kh1 Rg8 22. Rac1 Bg5 23. Nxg5 Qxg5 24. Qxg5 (24. f4 $1 $16 {[%cal Rf4g5]} Qh4 25. Nf6) 24... Rxg5 $14 25. Red1 Rag8 (25... Rf5 $1 $11 {keeps the balance.}) 26. Ne3 (26. Bf1 $16) 26... Rh5 27. Rd2 Ba8 ({Better is} 27... Rh4 $15 28. Rcd1 Ba6) 28. Kh2 $11 Rh4 29. Rcd1 Bb7 30. Bf3 Rf4 31. Bg4 {Threatening Ng2.} f5 $1 {[%cal Rf5g4]} 32. Bh5 {[#] And now Ng2 would win.} Rg5 $2 {[#]} (32... Nxd4 $1 $11 {[%mdl 512]} 33. Rxd4 Rxf2+ 34. Kh1 Rg3) 33. Ng2 $1 $16 {[%cal Rg2f4]} Rxd4 34. Rxd4 Nxd4 35. Rxd4 Rxh5 {[%mdl 4096] Endgame KRB-KRN} 36. Nf4 Rg5 ({Much worse is} 36... Rh6 $6 37. Rd3 $14) 37. Nxe6 Rg8 {[#]} 38. Nf4 (38. f4 $1 $18) 38... Re8 39. e6 (39. Rd3 $16) 39... Kg7 $11 {The position is equal.} 40. Kg3 Kf6 41. Kf3 Rc8 42. Ke3 Rc2 43. Nxd5+ Bxd5 44. Rxd5 Rxb2 45. Rxf5+ Kxe6 (45... Kxf5 $2 {loses.} 46. e7 $18) 46. Rh5 Rb3+ 47. Ke4 Rxa3 48. Rh6+ {Precision: White = 52%, Black = 44%.} 1/2-1/2

[Event "Vasteras Open 2018"]
[Site "Vasteras"]
[Date "2018.09.30"]
[Round "7"]
[White "Bellon Lopez, Juan Manuel"]
[Black "Rahul Kumar, Pune"]
[Result "1-0"]
[WhiteElo "2342"]
[BlackElo "2190"]
[Annotator "TA"]
[PlyCount "79"]
[EventDate "2018.09.28"]
[EventCountry "SWE"]
[SourceTitle "playchess.com"]
[Source "ChessBase"]
[SourceQuality "1"]

{[%evp 9,79,-14,24,13,31,40,31,34,36,29,39,41,75,33,48,17,23,17,21,0,0,0,12,0,25,10,29,-18,-10,-25,-19,-31,-49,-51,0,-44,-12,-38,6,6,6,6,6,18,179,185,141,138,142,146,464,461,533,533,533,390,390,366,318,334,532,396,1752,1674,1587,1673,1279,787,760,917,6299,6299]} 1. b3 d6 2. Bb2 Nf6 3. g3 Nc6 (3... g6 4. Bg2 Bg7 5. Nf3 O-O 6. O-O e5 7. d3 Nc6 8. Nbd2 h6 9. e4 Be6 10. h3 Qd7 11. Kh2 Nh7 12. Nc4 Ne7 13. d4 Bxc4 14. bxc4 Nc6 15. d5 Na5 {0-1 (43) Cvetkovic,S (2351)-Nenezic,M (2460) Belgrade 2015}) 4. d4 $146 ({Predecessor:} 4. Bg2 e5 5. Nf3 Bg4 6. O-O Be7 7. c4 O-O 8. d4 e4 9. Ng5 d5 10. Nc3 dxc4 11. Ncxe4 cxb3 12. axb3 {1-0 (28) Valverde Lopez,M (1988)-Bonow,V (1891) Remote email 2014}) 4... Bf5 5. Bg2 d5 6. Nf3 {A01: Nimzowitsch-Larsen Opening} h6 7. O-O e6 8. c4 {White is slightly better.} Be7 9. Nc3 O-O 10. Ne5 Nb8 11. e3 c6 12. g4 Bh7 $1 13. f4 Nbd7 14. g5 hxg5 15. fxg5 Ne8 16. g6 Bxg6 17. Nxg6 fxg6 18. cxd5 (18. Qg4 {is more complex.} Rxf1+ 19. Rxf1 Nf8 20. e4 Nf6 21. Qe2) 18... Rxf1+ 19. Qxf1 exd5 20. Nxd5 cxd5 21. Bxd5+ Kh7 (21... Kh8 $15) 22. Qh3+ Bh4 {...Qg5+ is the strong threat.} 23. Kh1 Nc5 24. e4 Nc7 25. dxc5 Nxd5 26. Rd1 Qe7 $2 (26... Qg5 $1 $11 {and Black stays safe.} 27. exd5 Qh5) 27. exd5 $18 Rf8 28. d6 $36 {[%mdl 2048] White is in control.} Qe4+ 29. Qg2 Qe3 $2 {[%mdl 8192] [#]} (29... Rf3 $16 {is a better chance.} 30. Ba1 Bg5) 30. Bd4 $1 {[%cal Rd4e3]} ({Weaker is} 30. Qxb7 Rf7 $16) 30... Qh6 31. Qxb7 Bf2 32. Qxg7+ Qxg7 33. Bxg7 Kxg7 {[%mdl 4096] Endgame KRB-KR} 34. c6 Rh8 (34... Bc5 {was necessary.} 35. c7 Bxd6) 35. c7 {Strongly threatening d7.} Bg3 $2 (35... Bb6 36. Rc1 Bxc7) 36. c8=Q {White is clearly winning.} Rxc8 37. hxg3 Kf6 38. d7 Rh8+ 39. Kg2 Ke7 {[#]} 40. d8=Q+ $1 {Precision: White = 65%, Black = 36%.} 1-0

[Event "Vasteras Open 2018"]
[Site "Vasteras"]
[Date "2018.09.30"]
[Round "7"]
[White "Glimbrant, Torbjorn"]
[Black "Sjodahl, Pontus"]
[Result "*"]
[WhiteElo "2261"]
[BlackElo "2405"]
[Annotator "TA"]
[PlyCount "37"]
[EventDate "2018.09.28"]
[EventCountry "SWE"]
[SourceTitle "playchess.com"]
[Source "ChessBase"]
[SourceQuality "1"]

{[%evp 19,20,0,10]} 1. d4 Nf6 2. Nf3 d5 3. c4 e6 4. e3 b6 5. Nc3 Bb7 6. Bd3 Bd6 7. O-O O-O 8. b3 a6 9. Bb2 Nbd7 10. Qc2 c5 {LiveBook: 17 Games. E14: Queen's Indian: Classical Variation (4 e3)} {Predecessor:} 11. cxd5 $146 exd5 12. Rad1 Re8 13. Bf5 Nf8 14. dxc5 bxc5 15. Na4 Ne4 16. Bxe4 dxe4 17. Qc3 Ne6 18. Nxc5 exf3 19. Nxe6 {½-½ (51) Fedoseev,V (2683)-Inarkiev,E (2664) St Petersburg 2015} *